00467 2200193 4500001002100000005001500021008004100036020001800077035001900095041000700114082000800121090001400129100001600143245003700159260002400196300002700220500001000247650001600257INLIS00000000000132720241224112329241224||||||||| | ||| |||| || |  a979-757-130-0 0010-1224001327 aid0 a380 a380 AST s0 aDina Astuti00aSukses Menjalani Wawancara Kerja bKawan Pustakac2006 ax,54 hlm.:ilus.;20 cm. aCet.1 0aIlmu Sosial